000 00713cam a2200241 a 4500
001 16436256
003 OSt
005 20240625162438.0
008 100827s2010 enka b 001 0 eng
020 _a9780273728917
040 _aDDC
_cMUST
082 0 0 _a510 MAS 2010
_220
100 1 _aMason, John,
_917894
245 1 0 _aThinking mathematically /
_cJason Mason ; with Leone Burton and Kaye Stacey.
250 _a2nd ed.
260 _aHarlow :
_bPearson,
_c2010.
300 _axvi, 248 p. :
_bill. ;
_c24 cm.
504 _aIncludes bibliographical references and index.
650 0 _aMathematics.
700 1 _aBurton, Leone,
_d1936-
_917895
700 1 _aStacey, Kaye,
_d1948-
_917896
942 _2ddc
_cO_SHELF
999 _c8856
_d8856